000 00441nam a2200205Ia 4500
001 083376
003 YMCAF
005 20230512161414.0
008 100717s2002 ||||||||||||||||| ||und|d
024 _a83376
035 _a22836
040 _aYMCAF
_beng
_cIN-KoLT
041 _aeng
082 _a005.43
_bWAL
100 _aWalia, Ekta
245 0 _aOperating system concepts
260 _bKBPC
_c2002
300 _a322
942 _2ddc
_cBK
999 _c8400
_d8400